Catalonia : (Record no. 182018)
[ view plain ]
| 000 -LEADER | |
|---|---|
| fixed length control field | 00807cam5a220022900 4500 |
| 001 - CONTROL NUMBER | |
| control field | tmp15450337 |
| 003 - CONTROL NUMBER IDENTIFIER | |
| control field | UPRA |
| 005 - DATE AND TIME OF LATEST TRANSACTION | |
| control field | 20190830100702.0 |
| 008 - FIXED-LENGTH DATA ELEMENTS--GENERAL INFORMATION | |
| fixed length control field | 950817s1975 enk eng u |
| 035 ## - SYSTEM CONTROL NUMBER | |
| System control number | (Sirsi) r108965 |
| 035 ## - SYSTEM CONTROL NUMBER | |
| System control number | (UPRA)tmp15450337 |
| 040 ## - CATALOGING SOURCE | |
| Transcribing agency | UPRA |
| 100 1# - MAIN ENTRY--PERSONAL NAME | |
| Personal name | Alba, Victor. |
| Linkage | A67941.1 |
| 245 10 - TITLE STATEMENT | |
| Title | Catalonia : |
| Remainder of title | a profile. |
| 260 ## - PUBLICATION, DISTRIBUTION, ETC. | |
| Place of publication, distribution, etc. | London : |
| Name of publisher, distributor, etc. | Hurst, |
| Date of publication, distribution, etc. | [1975] |
| 504 ## - BIBLIOGRAPHY, ETC. NOTE | |
| Bibliography, etc. note | Includes bibliographical references. |
| 651 #0 - SUBJECT ADDED ENTRY--GEOGRAPHIC NAME | |
| Geographic name | Catalonia -- Economic conditions. |
| General subdivision | Catalonia -- Economic conditions. |
| Linkage | S51949.1 |
| 651 #0 - SUBJECT ADDED ENTRY--GEOGRAPHIC NAME | |
| Geographic name | Catalonia -- Politics and government. |
| General subdivision | Catalonia -- Politics and government. |
| Linkage | S51950.1 |
| 651 #0 - SUBJECT ADDED ENTRY--GEOGRAPHIC NAME | |
| Geographic name | Catalonia -- Social conditions. |
| General subdivision | Catalonia -- Social conditions. |
| Linkage | S51951.1 |
| 949 ## - LOCAL PROCESSING INFORMATION (OCLC) | |
| a | HX342 |
| w | lcc |
| i | -155367 |
| m | MAIN |
| t | BOOK |
| l | ON-SHELF |
No items available.